| 000 | 00348nam a2200145Ia 4500 | ||
|---|---|---|---|
| 005 | 20251222140046.0 | ||
| 008 | 251222s1900||||xx |||||||||||||| ||spa|| | ||
| 020 | _a84-292-1015-6 | ||
| 082 | _a126.8/O73 | ||
| 100 | _aOrtega y Gasset, José | ||
| 245 | 0 | _aHistoria Como Sistema | |
| 250 | _a7a.ed. | ||
| 264 | _bRevista de Occidente | ||
| 942 | _cLIB | ||
| 999 |
_c3450 _d3450 |
||